000 00289nam a22001337a 4500
008 170622b xxu||||| |||| 00| 0 eng d
020 _a9780312247355
041 _aeng
080 _28TH
_a32
100 _a21
101 _aSHP
245 _aWORLD POLITICS
_cKEGLEY,CH.W
942 _2udc
_cBK
999 _c18696
_d18696